Cançons populars i tradicionals per al cicle inicial d'EGB : Propostes d'aplicació didàctica Propostes d'aplicació didàctica
Publicado:
Barcelona :
Generalitat de Catalunya. Departament d'Ensenyament. Servei d'Ensenyament del Català ,
1983
Descripción Física:
74 p., [7] f. d'índex ; 30 cm
Otros Autores:
Catalunya. Servei d'Ensenyament del Català
MARC
| LEADER | 00000nam a2200000Ia 4500 | ||
|---|---|---|---|
| 001 | 1142 | ||
| 008 | 160829s1983 xx 000 0 cat d | ||
| 080 | |a M-3-320 | ||
| 245 | |a Cançons populars i tradicionals per al cicle inicial d'EGB : |b Propostes d'aplicació didàctica | ||
| 260 | |a Barcelona : |b Generalitat de Catalunya. Departament d'Ensenyament. Servei d'Ensenyament del Català, |c 1983 | ||
| 300 | |a 74 p., [7] f. d'índex ; |c 30 cm | ||
| 490 | |a Eines de treball per a l'ensenyament del català ; 2 | ||
| 650 | |a Cançons infantils |x Catalunya |9 29156 | ||
| 650 | |a Català |x Ensenyament primari |9 43610 | ||
| 700 | |a Catalunya. Servei d'Ensenyament del Català |9 22011 | ||
| 901 | |a Arxiu | ||
| 942 | |n 1 | ||
| 952 | |0 0 |1 0 |4 0 |6 M3320 |7 1 |9 41999 |a Arxiu |b Arxiu |d 2016-12-01 |l 0 |o M-3-320 |p 1142 |r 2016-12-01 00:00:00 |w 2016-12-01 |y ARXIU | ||
| 999 | |c 44446 |d 44446 | ||